00696 2200253 4500001002100000005001700021008004100038020002200079035002500101041000800126043001300134082000800147090001700155100003500172245008600207250001100293260003300304300002100337650002000358700001800378850001200396990001700408990001700425YOGYA-0911000000001920150213140423.0 ind  a978-602-978-414-5 a0010-091100000000019 aInd aYOPD DIY a813 aKS 813 Tau K aTAUFIQURRAHMAN AL-AZIZY, 1975- aKidung shalawat zahi dan Zulfac/ Taufiqurrahman Al-Azizy ; editor, Nisrina Lubis aCet. 3 aYogyakartabDiva Pressc2011 a403 hlm.c20 cm. aFiksi Indonesia aLubis, Nirina aYOPDYOG a1967-KS/B.11 a1968-KS/B.11